African Countries by Cuisine - Statistics

General Stats
  • This quiz has been taken 9 times
  • The average score is 3 of 16
Answer Stats
Picture Answer % Correct
Morocco
63%
Egypt
50%
Ethiopia
38%
Nigeria
38%
Algeria
25%
Kenya
25%
Senegal
25%
Angola
13%
Libya
13%
Somalia
13%
Tunisia
13%
Madagascar
0%
Mauritius
0%
South Africa
0%
Sudan
0%
Zimbabwe
0%
No matching quizzes found
Score Distribution
Percent of People with Each Score
Percentile by Number Answered
Your Score History
You have not taken this quiz